000 01590nam0a22003371 4500
001 RU\NLR\A1\32317
005 20260405215556.0
035 _a(NLR Aleph) 009682466
090 _a9707084
_c9707084
100 _a20010912d1767 u y0rusy50 ca
101 0 _arus
102 _aRU
200 1 _aЕго сиятельству господину генерал-аншефу, сенатору и обоих российских орденов кавалеру, графу Петру Ивановичу Панину в день, в которой ея императорское величество благоизволила почтить его сиятельство графским достоинством, сентября 22 дня, 1767 году.
_fПриносит преданнейший слуга Владимер Золотницкой
210 _a[М.]
_cПеч. при Имп. Моск. ун-те
_d[1767]
215 _a[3] с.
_d
300 _aСтихи
321 1 _aСК XVIII 2361
620 _dМосква
700 1 _aЗолотницкий
_bВ.Т.
_f1741-после 1771
_gВладимир Трофимович
_4070
702 1 _4420
_8rus
_7ca
_aПанин
_bП. И.
_cграф
_f1721-1789
_gПетр Иванович
_3RU\NLR\AUTH\7798083
_981009
712 0 2 _aМосковский университет
_bТипография
_4610
801 0 _aRU
_bNLR
_c20010912
830 _aВопрос к БАН
899 _aКОНБ
899 _aБАН
899 _aКОНБ
899 _aБАН
942 _cBOOK
980 _aNB
980 _aA1XVIIIv